| 000 | 00780nam a2200145 i 4500 | ||
|---|---|---|---|
| 001 | 159989 | ||
| 003 | ES-MaACL | ||
| 005 | 20230906211914.0 | ||
| 008 | 940202s1855 sp |||| | spa d | ||
| 100 | 1 |
_aMonreal, José María. _982266 |
|
| 245 | 1 | 0 |
_aEstudios histórico-legales acerca de los derechos de los Reyes de España, sobre los bienes comprendidos bajo la denominación del Real Patrimonio / _cpor Jose Mª Monreal. |
| 260 |
_aMadrid : _b[s.n.], _c1855 ( _fpor Aguado) |
||
| 300 |
_a86 p. ; _c28 cm. |
||
| 852 |
_aES-MaACL _jT-919-F-7 _z- Enc. hol. conservando cub. original _z. - Sello de la Real Biblioteca, Cambio-Duplicado _z- Enc. en un vol. facticio _x-- Edic.: Corregir en tit.: "Estudios ... Reyes de España comprendidos bajo la denominacion de Real Patrimonio ..." |
||
| 999 |
_c159989 _d159989 |
||